[Event "European Seniors Teams Ch."]
[Site "Olympus"]
[Date "2011.05.03"]
[Round "1"]
[Board "1"]
[White "Rooze, Jan"]
[Black "Vasiukov, Evgeni"]
[Result "0-1"]
[WhiteElo "2333"]
[BlackElo "2480"]
[PlyCount "122"]
[EventDate "2011.05.03"]
[EventType "team"]
[EventRounds "9"]
[EventCountry "GRE"]
[WhiteTeam "Belgium"]
[BlackTeam "Russia"]

1.e4 c5 2.Nf3 Nc6 3.Bb5 Na5 4.c3 a6 5.Ba4 b5 6.Bc2 Bb7 7.O-O e6 8.d4 cxd4 9.cxd4
Ne7 10.Nc3 Ng6 11.d5 Qc7 12.a4 b4 13.Ne2 Bc5 14.b3 O-O 15.Ng3 Rfe8 16.Bb2 e5
17.Nh5 Bc8 18.Ne1 Qb6 19.Kh1 d6 20.f4 Nxf4 21.Nxf4 exf4 22.Rxf4 Be3 23.Rf1 Ra7
24.Qd3 Rae7 25.Nf3 Rxe4 26.Nd2 Bxd2 27.Qxd2 Qe3 28.Qd1 Rh4 29.Re1 Qxe1+ 30.Qxe1
Rxe1+ 31.Rxe1 Kf8 32.Kg1 Rh5 33.Rd1 Bf5 34.Bxf5 Rxf5 35.Rd4 f6 36.Rxb4 Rxd5
37.Ba3 Rd3 38.Rb6 Ke7 39.Rxa6 Nxb3 40.Ra7+ Ke6 41.Rxg7 Rd1+ 42.Kf2 Ra1 43.Bxd6
Ra2+ 44.Kg1 Kxd6 45.Rxh7 Nd4 46.h3 Rxa4 47.Kh2 Ra3 48.Rh8 Ke5 49.Re8+ Kf4 50.Re1
Nf5 51.Rb1 Ng3 52.Rb4+ Ne4 53.Rb1 Ra2 54.Rf1+ Kg5 55.Rb1 f5 56.Rf1 f4 57.Kg1 Ng3
58.Rb1 Kh4 59.Kh2 Nf5 60.Rf1 Kg5 61.Kg1 Ne3 0-1

[Event "European Seniors Teams Ch."]
[Site "Olympus"]
[Date "2011.05.03"]
[Round "1"]
[Board "2"]
[White "Shvedchikov, Anatoli I"]
[Black "Van Herck, Marcel"]
[Result "1-0"]
[WhiteElo "2412"]
[BlackElo "2135"]
[PlyCount "43"]
[EventDate "2011.05.03"]
[EventType "team"]
[EventRounds "9"]
[EventCountry "GRE"]
[WhiteTeam "Russia"]
[BlackTeam "Belgium"]

1.c4 Nf6 2.Nc3 e6 3.e4 d5 4.cxd5 exd5 5.e5 Nfd7 6.d4 c5 7.Nf3 Nc6 8.Bb5 a6 9.Bg5
f6 10.exf6 gxf6 11.Bxc6 bxc6 12.Bf4 Be7 13.Bh6 Nf8 14.O-O Bg4 15.dxc5 Rg8 16.Re1
Ne6 17.Kf1 Rg6 18.h3 Rxh6 19.hxg4 Nxc5 20.Kg1 Qd6 21.Qd2 Rg6 22.Nh4 1-0

[Event "European Seniors Teams Ch."]
[Site "Olympus"]
[Date "2011.05.03"]
[Round "1"]
[Board "3"]
[White "Schuermans, Robert"]
[Black "Pushkov, Nikolai"]
[Result "0-1"]
[WhiteElo "2085"]
[BlackElo "2406"]
[PlyCount "72"]
[EventDate "2011.05.03"]
[EventType "team"]
[EventRounds "9"]
[EventCountry "GRE"]
[WhiteTeam "Belgium"]
[BlackTeam "Russia"]

1.e4 e6 2.d4 d5 3.Nc3 Nf6 4.Bg5 dxe4 5.Nxe4 Nbd7 6.Nxf6+ Nxf6 7.Nf3 h6 8.Bxf6
Qxf6 9.Bd3 Bd7 10.O-O c5 11.c3 cxd4 12.Nxd4 O-O-O 13.Qc2 e5 14.Nf3 Bd6 15.Be4
Kb8 16.Qb3 Bc8 17.Bd5 Rhf8 18.Rfe1 g5 19.Re4 Bc7 20.Rae1 Bb6 21.Rxe5 g4 22.Nd4
Qd6 23.Bxf7 Bxd4 24.cxd4 Qxd4 25.Rd5 Rxd5 26.Qxd5 Qf6 27.Rc1 Rxf7 28.Qc5 Qe6
29.a4 Re7 30.g3 b6 31.Qd4 Re8 32.Qf4+ Ka8 33.f3 gxf3 34.Qxf3+ Bb7 35.Qd3 a5
36.h4 Qh3 0-1

[Event "European Seniors Teams Ch."]
[Site "Olympus"]
[Date "2011.05.03"]
[Round "1"]
[Board "4"]
[White "Mishuchkov, Nikolai M"]
[Black "Hajenius, Willem"]
[Result "1/2-1/2"]
[WhiteElo "2403"]
[BlackElo "1983"]
[PlyCount "82"]
[EventDate "2011.05.03"]
[EventType "team"]
[EventRounds "9"]
[EventCountry "GRE"]
[WhiteTeam "Russia"]
[BlackTeam "Belgium"]

1.Nf3 Nf6 2.d4 g6 3.g3 Bg7 4.Bg2 O-O 5.O-O d6 6.a4 c6 7.a5 Qc7 8.Nc3 e5 9.Bg5
Nbd7 10.Qd2 Re8 11.e4 exd4 12.Nxd4 Rb8 13.h3 Nc5 14.Rfe1 Bd7 15.Bh6 Bh8 16.Bf4
Nh5 17.Be3 Nf6 18.Bf4 Nh5 19.Be3 Nf6 20.f3 b5 21.axb6 axb6 22.b4 Ne6 23.Rad1
Red8 24.b5 Nxd4 25.Bxd4 Be6 26.f4 c5 27.Bf2 Qd7 28.f5 Bc4 29.Qg5 Bg7 30.e5 Ne8
31.f6 Bf8 32.Nd5 Bxd5 33.Bxd5 dxe5 34.Rxe5 Qxh3 35.Qf4 Nd6 36.Rde1 Nxb5 37.Bxf7+
Kh8 38.Re8 Qd7 39.R1e7 Qd1+ 40.Re1 Qd7 41.R1e7 Qd1+ 1/2-1/2

[Event "European Seniors Teams Ch."]
[Site "Olympus"]
[Date "2011.05.03"]
[Round "1"]
[Board "1"]
[White "Uhlmann, Wolfgang"]
[Black "Malmdin, Nils-Ake"]
[Result "1-0"]
[WhiteElo "2389"]
[BlackElo "2278"]
[PlyCount "85"]
[EventDate "2011.05.03"]
[EventType "team"]
[EventRounds "9"]
[EventCountry "GRE"]
[WhiteTeam "Germany"]
[BlackTeam "Sweden 1"]

1.c4 Nf6 2.Nc3 e6 3.Nf3 c5 4.g3 b6 5.Bg2 Bb7 6.d4 cxd4 7.Qxd4 Be7 8.e4 d6 9.O-O
a6 10.Qe3 Qc7 11.b3 O-O 12.Nd4 Nc6 13.Bb2 Rfe8 14.Rac1 Bf8 15.Rfd1 Nd7 16.Nce2
Nxd4 17.Nxd4 Rac8 18.Ne2 Qb8 19.Nc3 Qa8 20.Qd4 Nc5 21.Re1 f5 22.Re2 Bc6 23.f3 d5
24.b4 dxe4 25.fxe4 Rcd8 26.Nd5 exd5 27.cxd5 Bb5 28.Rf2 Nd7 29.Rxf5 Qa7 30.a4
Bxa4 31.Rcf1 Nc5 32.Rxf8+ Rxf8 33.bxc5 Rxf1+ 34.Bxf1 Bb5 35.cxb6 Qf7 36.Bg2 Bc6
37.Qc5 Bb7 38.Qc7 Rf8 39.Qxf7+ Kxf7 40.Be5 Re8 41.Bc7 Ra8 42.d6 a5 43.e5 1-0

[Event "European Seniors Teams Ch."]
[Site "Olympus"]
[Date "2011.05.03"]
[Round "1"]
[Board "2"]
[White "Petersson, Gosta"]
[Black "Hecht, Hans-Joachim"]
[Result "0-1"]
[WhiteElo "2113"]
[BlackElo "2377"]
[PlyCount "62"]
[EventDate "2011.05.03"]
[EventType "team"]
[EventRounds "9"]
[EventCountry "GRE"]
[WhiteTeam "Sweden 1"]
[BlackTeam "Germany"]

1.g3 e5 2.Bg2 d5 3.Nf3 Nc6 4.d3 Nf6 5.O-O Be7 6.a3 a5 7.Nbd2 O-O 8.e4 Re8 9.exd5
Nxd5 10.Nc4 Bf8 11.Re1 f6 12.Nfd2 Be6 13.Ne4 Qd7 14.Ne3 Nb6 15.Bd2 Nd4 16.b4
axb4 17.Bxb4 Na4 18.Bxf8 Rxf8 19.Qd2 Bh3 20.Bh1 c6 21.Rab1 h6 22.Rb4 b5 23.c3
Ne6 24.d4 Rad8 25.d5 cxd5 26.Nxd5 Kh8 27.c4 bxc4 28.Qc2 Qxd5 29.Rxa4 Nd4 30.Qc3
Ne2+ 31.Rxe2 Qd1+ 0-1

[Event "European Seniors Teams Ch."]
[Site "Olympus"]
[Date "2011.05.03"]
[Round "1"]
[Board "3"]
[White "Klundt, Klaus"]
[Black "Svensson, Soren"]
[Result "1/2-1/2"]
[WhiteElo "2379"]
[BlackElo "2109"]
[PlyCount "92"]
[EventDate "2011.05.03"]
[EventType "team"]
[EventRounds "9"]
[EventCountry "GRE"]
[WhiteTeam "Germany"]
[BlackTeam "Sweden 1"]

1.e4 e5 2.Nf3 Nc6 3.Bb5 a6 4.Ba4 Nf6 5.O-O Nxe4 6.d4 b5 7.Bb3 d5 8.dxe5 Be6
9.Qe2 Bc5 10.Be3 Bxe3 11.Qxe3 Qe7 12.Nc3 Nxc3 13.Qxc3 Qd7 14.Qc5 Ne7 15.Nd4 O-O
16.f4 Rfd8 17.a4 c6 18.Ra3 Rdb8 19.axb5 cxb5 20.c3 g6 21.Rfa1 Qb7 22.Qd6 Rd8
23.Rxa6 Rxd6 24.Rxa8+ Rd8 25.Rxd8+ Kg7 26.Rda8 Nc6 27.R8a6 Nxd4 28.cxd4 h5
29.Rd6 b4 30.Kf2 Qb5 31.Rd1 Kh6 32.h3 h4 33.f5 gxf5 34.Bxd5 Kg5 35.Bf3 Bb3
36.Be2 Qb7 37.Rd3 Bc2 38.Rd2 b3 39.Bf3 Qb4 40.Ke3 Qa5 41.Bd5 Qa1 42.Kf2 Qxb2
43.Bxf7 Kf4 44.Rh6 Qc3 45.Rxh4+ Kg5 46.Rh5+ Kf4 1/2-1/2

[Event "European Seniors Teams Ch."]
[Site "Olympus"]
[Date "2011.05.03"]
[Round "1"]
[Board "4"]
[White "Sandklef, Ake"]
[Black "Werner, Clemens"]
[Result "0-1"]
[WhiteElo "2017"]
[BlackElo "2344"]
[PlyCount "66"]
[EventDate "2011.05.03"]
[EventType "team"]
[EventRounds "9"]
[EventCountry "GRE"]
[WhiteTeam "Sweden 1"]
[BlackTeam "Germany"]

1.d4 d6 2.c4 e5 3.Nf3 e4 4.Nfd2 f5 5.e3 Nf6 6.Nc3 g6 7.b4 Bg7 8.Bb2 O-O 9.Qb3
Be6 10.d5 Bf7 11.Nb5 a5 12.bxa5 Nbd7 13.Bd4 Rxa5 14.Qb2 Nc5 15.Nb3 Na4 16.Qd2
Ra8 17.Be2 c6 18.dxc6 bxc6 19.Nc3 c5 20.Nxa4 cxd4 21.Nb2 d3 22.Bd1 Nd7 23.a4 Nb6
24.Nd4 Nxc4 25.Nxc4 Bxc4 26.Rc1 Bd5 27.Qb4 Qa5 28.Qxa5 Rxa5 29.Nb5 Rd8 30.f3 f4
31.Kf2 exf3 32.exf4 fxg2 33.Rg1 Rxb5 0-1

[Event "European Seniors Teams Ch."]
[Site "Olympus"]
[Date "2011.05.03"]
[Round "1"]
[Board "1"]
[White "Einarsson, Arnthor"]
[Black "Birnboim, Nathan"]
[Result "1/2-1/2"]
[WhiteElo "2227"]
[BlackElo "2362"]
[PlyCount "140"]
[EventDate "2011.05.03"]
[EventType "team"]
[EventRounds "9"]
[EventCountry "GRE"]
[WhiteTeam "Polar Bears Iceland"]
[BlackTeam "Israel 1"]

1.d4 Nf6 2.c4 g6 3.Nf3 Bg7 4.g3 O-O 5.Bg2 d6 6.Nc3 Nbd7 7.O-O e5 8.e4 c6 9.h3 a6
10.Be3 b5 11.dxe5 dxe5 12.Qd6 Rb8 13.cxb5 cxb5 14.Rfd1 Bb7 15.Nxe5 Nxe5 16.Qxe5
Nd5 17.Qxg7+ Kxg7 18.exd5 Re8 19.Ne4 f5 20.Nc5 Rxe3 21.fxe3 Qd6 22.Ne6+ Kf6
23.Kf2 Rc8 24.Rd2 Qb4 25.Rad1 Rc1 26.Ke1 Rxd1+ 27.Kxd1 Qd6 28.Nf4 g5 29.Ne2 h5
30.Ke1 Ke5 31.Nd4 Qb6 32.Rf2 Bc8 33.Nc6+ Kd6 34.Nd4 Bd7 35.Kf1 b4 36.Rc2 a5
37.Nxf5+ Ke5 38.Nd4 Qa6+ 39.Kf2 Qd3 40.Nf3+ Kd6 41.Rd2 Qf5 42.e4 Qxe4 43.Nxg5
Qf5+ 44.Nf3 Qb1 45.b3 Qc1 46.Bf1 Bf5 47.Bg2 Be4 48.Ke2 Qa1 49.g4 Qg7 50.Nd4 Qe5
51.Bxe4 Qxe4+ 52.Kf2 Qf4+ 53.Nf3 h4 54.g5 Qg3+ 55.Ke3 Qxh3 56.Rh2 Qc8 57.Rxh4
Qc1+ 58.Kf2 Kxd5 59.Rg4 Qc2+ 60.Kg3 Qc7+ 61.Kh3 Qc3 62.Rd4+ Ke6 63.Kg4 Qc2
64.Rd2 Qe4+ 65.Kg3 Kf7 66.Rd7+ Kg6 67.Rd6+ Kg7 68.Rd7+ Kg6 69.Rd6+ Kg7 70.Rd7+
Kg6 1/2-1/2

[Event "European Seniors Teams Ch."]
[Site "Olympus"]
[Date "2011.05.03"]
[Round "1"]
[Board "2"]
[White "Maryasin, Boris"]
[Black "Gunnarsson, Gunnar K"]
[Result "1-0"]
[WhiteElo "2323"]
[BlackElo "2209"]
[PlyCount "95"]
[EventDate "2011.05.03"]
[EventType "team"]
[EventRounds "9"]
[EventCountry "GRE"]
[WhiteTeam "Israel 1"]
[BlackTeam "Polar Bears Iceland"]

1.e4 c5 2.Nf3 d6 3.d4 cxd4 4.Nxd4 Nf6 5.Nc3 a6 6.f4 Nc6 7.Be3 Qc7 8.Be2 e5 9.Nb3
Be7 10.O-O O-O 11.a4 exf4 12.Bxf4 Be6 13.Nd5 Bxd5 14.exd5 Ne5 15.Kh1 Nc4 16.Qd4
Rac8 17.Rae1 Rfe8 18.Bd3 b5 19.axb5 axb5 20.Nd2 Qc5 21.Qxc5 Rxc5 22.Ne4 Nxe4
23.Rxe4 f5 24.Re2 Rxd5 25.Rfe1 Kf7 26.b3 Nb2 27.Bxb5 Rxb5 28.Bxd6 Rb7 29.g3 Rd7
30.Bxe7 Rexe7 31.Rxe7+ Rxe7 32.Rb1 Re2 33.Rxb2 Ke7 34.b4 Kd7 35.b5 Kc7 36.b6+
Kb7 37.h4 g6 38.Kg1 h6 39.h5 g5 40.Rb5 Rxc2 41.Rxf5 Kxb6 42.Rf6+ Rc6 43.Rg6 Kc7
44.Kf2 Kd7 45.Kf3 Rxg6 46.hxg6 Ke7 47.Kg4 Kf6 48.Kh5 1-0

[Event "European Seniors Teams Ch."]
[Site "Olympus"]
[Date "2011.05.03"]
[Round "1"]
[Board "3"]
[White "Finnlaugsson, Gunnar"]
[Black "Lederman, Leon"]
[Result "0-1"]
[WhiteElo "2075"]
[BlackElo "2272"]
[PlyCount "82"]
[EventDate "2011.05.03"]
[EventType "team"]
[EventRounds "9"]
[EventCountry "GRE"]
[WhiteTeam "Polar Bears Iceland"]
[BlackTeam "Israel 1"]

1.e4 c5 2.Nf3 d6 3.d4 cxd4 4.Qxd4 Nc6 5.Bb5 Bd7 6.Bxc6 Bxc6 7.Nc3 e6 8.Bg5 Nf6
9.O-O-O Be7 10.Rhe1 O-O 11.Qd2 h6 12.Bxf6 Bxf6 13.Kb1 Qb6 14.Nd4 Rac8 15.f4 Rfd8
16.Re3 e5 17.Nxc6 exf4 18.Ne7+ Bxe7 19.Nd5 fxe3 20.Nxe7+ Kf8 21.Nxc8 Rxc8 22.Qd3
Re8 23.Re1 Re5 24.c4 f5 25.Rxe3 fxe4 26.Qe2 Qd4 27.Kc2 Kg8 28.a3 a6 29.h3 Kh7
30.Rb3 Rc5 31.Rc3 b5 32.b3 d5 33.Qe3 Qxe3 34.Rxe3 bxc4 35.b4 Rc8 36.Kc3 Kg6
37.Kd4 Kf5 38.Kxd5 c3 39.g4+ Kg5 40.Re1 c2 41.Rc1 e3 0-1

[Event "European Seniors Teams Ch."]
[Site "Olympus"]
[Date "2011.05.03"]
[Round "1"]
[Board "4"]
[White "Kraidman, Yair"]
[Black "Kristjansson, Sigurdur"]
[Result "1-0"]
[WhiteElo "2260"]
[BlackElo "1945"]
[PlyCount "161"]
[EventDate "2011.05.03"]
[EventType "team"]
[EventRounds "9"]
[EventCountry "GRE"]
[WhiteTeam "Israel 1"]
[BlackTeam "Polar Bears Iceland"]

1.d4 f5 2.c4 Nf6 3.Nf3 g6 4.g3 Bg7 5.Bg2 c6 6.O-O O-O 7.Nc3 e6 8.Bf4 d5 9.Qb3 h6
10.Rad1 Kh7 11.h4 Nbd7 12.cxd5 exd5 13.Ne5 Nxe5 14.Bxe5 Re8 15.e3 Qe7 16.Ne2 Bf8
17.f3 Nd7 18.f4 Nxe5 19.fxe5 h5 20.Nf4 Bh6 21.Rc1 Bxf4 22.exf4 Be6 23.Rf3 Rec8
24.Rfc3 Qd7 25.Bf1 a6 26.Be2 Rc7 27.Qb6 Rac8 28.b4 Qe7 29.a4 Kg7 30.Rc5 Bf7
31.Bf3 Kh6 32.Kg2 Qd7 33.Kh2 Qe7 34.Bg2 Qd7 35.R1c2 Qe7 36.Kh3 Qd7 37.b5 axb5
38.axb5 Kh7 39.Qa5 Qe7 40.Qc3 Kh6 41.Bf1 Be8 42.b6 Rd7 43.Ra2 Rdd8 44.Ra7 Rb8
45.Bd3 Ra8 46.Rca5 Rab8 47.Kg2 Rdc8 48.Kf2 Bd7 49.Qc5 Qxc5 50.dxc5 Rd8 51.Ke3
Kg7 52.Kd4 Kf7 53.Bc2 Ke6 54.Ra1 Rf8 55.Bd3 Rfd8 56.Kc3 Ke7 57.Kb4 Be6 58.Ka5
Bc8 59.Bb5 Bd7 60.Ba4 Ke6 61.Kb4 Be8 62.Bc2 Bd7 63.Bd3 Ke7 64.Ka5 Ke6 65.Re1 Bc8
66.Kb4 Bd7 67.Bf1 Bc8 68.Rd1 Bd7 69.Bd3 Rf8 70.Rh1 Rh8 71.Kc3 Ke7 72.Ba6 bxa6
73.e6 Kxe6 74.Re1+ Kf6 75.Rxd7 Rhe8 76.Rd6+ Kf7 77.Rxe8 Rxe8 78.Rxc6 a5 79.Kd4
a4 80.Rc7+ Ke6 81.Ra7 1-0

[Event "European Seniors Teams Ch."]
[Site "Olympus"]
[Date "2011.05.03"]
[Round "1"]
[Board "1"]
[White "Ivanovic, Bozidar"]
[Black "Gundersen, Helge"]
[Result "1-0"]
[WhiteElo "2409"]
[BlackElo "2234"]
[PlyCount "43"]
[EventDate "2011.05.03"]
[EventType "team"]
[EventRounds "9"]
[EventCountry "GRE"]
[WhiteTeam "Montenegro"]
[BlackTeam "Norway 1"]

1.e4 e6 2.d4 d5 3.e5 c5 4.c3 Qb6 5.Nf3 Bd7 6.a3 cxd4 7.cxd4 Bb5 8.Bxb5+ Qxb5
9.Nc3 Qa6 10.b4 Bxb4 11.axb4 Qxa1 12.Nb5 Kd7 13.O-O Qa6 14.Nd6 Ne7 15.Ne1 Nf5
16.Nd3 Ke7 17.b5 Qa2 18.Nb4 Qa5 19.Bd2 Qa3 20.Nxf5+ exf5 21.Nxd5+ Kd7 22.Qc2 1-0

[Event "European Seniors Teams Ch."]
[Site "Olympus"]
[Date "2011.05.03"]
[Round "1"]
[Board "2"]
[White "Hauge, Tor Arne"]
[Black "Zivkovic, Ljubo"]
[Result "0-1"]
[WhiteElo "2157"]
[BlackElo "2270"]
[PlyCount "118"]
[EventDate "2011.05.03"]
[EventType "team"]
[EventRounds "9"]
[EventCountry "GRE"]
[WhiteTeam "Norway 1"]
[BlackTeam "Montenegro"]

1.e4 c5 2.d3 Nc6 3.g3 g6 4.Bg2 Bg7 5.Nd2 e6 6.Nh3 Nge7 7.O-O O-O 8.f4 d6 9.Nf2
Rb8 10.h4 f5 11.Nf3 e5 12.c3 Kh8 13.Ng5 h6 14.Ngh3 Qe8 15.Be3 b6 16.Qd2 Kh7
17.Rfe1 Qf7 18.b3 Bd7 19.Rad1 Rbe8 20.Kh2 d5 21.fxe5 d4 22.cxd4 cxd4 23.Bg5 Nxe5
24.Bxe7 Qxe7 25.Nf4 Qd6 26.Rc1 Rc8 27.Rxc8 Rxc8 28.Rc1 Rf8 29.Nd5 Ng4+ 30.Nxg4
fxg4 31.Rf1 Rxf1 32.Bxf1 Be5 33.Qf2 Kg7 34.Be2 h5 35.Kg2 Be6 36.Nf4 Bf7 37.Bd1
a5 38.Qd2 Qc7 39.Ne2 b5 40.Qg5 b4 41.Qc1 Qxc1 42.Nxc1 g5 43.Ne2 Kg6 44.Kf2 Bf6
45.hxg5 Kxg5 46.Nf4 h4 47.Nd5 Bxd5 48.exd5 hxg3+ 49.Kxg3 Be5+ 50.Kf2 Kf4 51.Be2
g3+ 52.Kg2 Ke3 53.Bf1 Bd6 54.Kh3 Bc7 55.Kg4 Kf2 56.Bh3 g2 57.Bxg2 Kxg2 58.Kf5
Kf3 59.Ke6 Ke3 0-1

[Event "European Seniors Teams Ch."]
[Site "Olympus"]
[Date "2011.05.03"]
[Round "1"]
[Board "3"]
[White "Raicevic, Momcilo"]
[Black "Theting, Helge E"]
[Result "1-0"]
[WhiteElo "2364"]
[BlackElo "2029"]
[PlyCount "99"]
[EventDate "2011.05.03"]
[EventType "team"]
[EventRounds "9"]
[EventCountry "GRE"]
[WhiteTeam "Montenegro"]
[BlackTeam "Norway 1"]

1.c4 g6 2.g3 Bg7 3.Bg2 e5 4.Nc3 d6 5.e3 Nc6 6.Nge2 Be6 7.b3 Qd7 8.Nd5 Nd8 9.Ba3
c6 10.Ndc3 f5 11.d4 Bf7 12.dxe5 dxe5 13.Qc2 Bf8 14.Rd1 Qc7 15.Bb2 Bg7 16.e4 Ne7
17.Ba3 Be6 18.O-O Nf7 19.Na4 Rd8 20.Rxd8+ Nxd8 21.f4 O-O 22.fxe5 Bxe5 23.Nf4 Bc8
24.Kh1 Rf7 25.Nd3 Bg7 26.e5 Ne6 27.Bd6 Qd8 28.Qf2 b6 29.Nf4 Qe8 30.c5 b5 31.Nc3
Bd7 32.Nce2 Nc8 33.Nxe6 Bxe6 34.Nf4 Nxd6 35.exd6 Bd7 36.a4 bxa4 37.bxa4 Qe5
38.Qc2 Rf8 39.Qb3+ Kh8 40.Qb7 Qe8 41.Nd3 a5 42.Re1 Qc8 43.Qxc8 Rxc8 44.Re7 Rd8
45.Rxd7 Rxd7 46.Bxc6 Rd8 47.Bb5 Kg8 48.c6 Bf8 49.c7 Rc8 50.d7 1-0

[Event "European Seniors Teams Ch."]
[Site "Olympus"]
[Date "2011.05.03"]
[Round "1"]
[Board "4"]
[White "Strand, Oyvin"]
[Black "Dragasevic, Srdja"]
[Result "1-0"]
[WhiteElo "1972"]
[BlackElo "2266"]
[PlyCount "65"]
[EventDate "2011.05.03"]
[EventType "team"]
[EventRounds "9"]
[EventCountry "GRE"]
[WhiteTeam "Norway 1"]
[BlackTeam "Montenegro"]

1.d4 d5 2.e3 Nf6 3.Bd3 Bg4 4.Nf3 e6 5.Nbd2 Be7 6.b3 O-O 7.Bb2 c5 8.Qe2 Nc6 9.h3
Bh5 10.a3 Rc8 11.O-O cxd4 12.exd4 Qb6 13.Rab1 Rfd8 14.Qe3 Bg6 15.Bxg6 hxg6 16.c4
Qa6 17.c5 Bf8 18.b4 Qa4 19.Qd3 a6 20.Ne5 Nxe5 21.dxe5 Nd7 22.Bd4 Nb8 23.f4 Nc6
24.Nf3 Be7 25.g4 Na7 26.f5 exf5 27.gxf5 gxf5 28.Qxf5 Qd7 29.Qf4 Qe6 30.Rb2 Rc6
31.Rg2 Nb5 32.Ng5 Bxg5 33.Qxg5 1-0

[Event "European Seniors Teams Ch."]
[Site "Olympus"]
[Date "2011.05.03"]
[Round "1"]
[Board "1"]
[White "Jones, Iolo C"]
[Black "Rantanen, Yrjo A"]
[Result "0-1"]
[WhiteElo "2287"]
[BlackElo "2373"]
[PlyCount "112"]
[EventDate "2011.05.03"]
[EventType "team"]
[EventRounds "9"]
[EventCountry "GRE"]
[WhiteTeam "Wales"]
[BlackTeam "Finland 1"]

1.d4 d5 2.Nf3 Nf6 3.Bf4 c5 4.e3 Qb6 5.Qc1 Nc6 6.c3 Bf5 7.Nbd2 Rc8 8.dxc5 Qxc5
9.Nb3 Qb6 10.Nbd4 Be4 11.Nxc6 bxc6 12.Be2 e6 13.h3 Be7 14.O-O O-O 15.Ne5 Rfd8
16.Bd3 a5 17.Qc2 Bxd3 18.Nxd3 Ne4 19.Ne5 Bd6 20.Rab1 c5 21.Nc4 Qa6 22.Nxd6 Nxd6
23.Bxd6 Rxd6 24.Rfd1 Rcd8 25.Qd3 Qxd3 26.Rxd3 Kf8 27.b3 Ke7 28.Rc1 e5 29.Kf1 Ke6
30.Ke2 Rb8 31.Rd2 a4 32.Rb1 axb3 33.axb3 Ra6 34.Rc2 Ra3 35.b4 c4 36.Rd1 Rba8
37.f3 Ra2 38.Rdd2 Rxc2 39.Rxc2 f5 40.e4 dxe4 41.fxe4 f4 42.Kd1 g5 43.Rd2 h5
44.Kc1 g4 45.hxg4 hxg4 46.Kb1 g3 47.Rd1 Rh8 48.Rg1 Kf6 49.Kc2 Kg5 50.Kd2 Ra8
51.Kc2 f3 52.gxf3 Kf4 53.b5 g2 54.b6 Kxf3 55.Rd1 Ra2+ 56.Kb1 Ra6 0-1

[Event "European Seniors Teams Ch."]
[Site "Olympus"]
[Date "2011.05.03"]
[Round "1"]
[Board "2"]
[White "Westerinen, Heikki M J"]
[Black "Thornton, John D"]
[Result "1-0"]
[WhiteElo "2350"]
[BlackElo "2065"]
[PlyCount "53"]
[EventDate "2011.05.03"]
[EventType "team"]
[EventRounds "9"]
[EventCountry "GRE"]
[WhiteTeam "Finland 1"]
[BlackTeam "Wales"]

1.e4 e5 2.Nf3 Nc6 3.Nc3 Nf6 4.Be2 Bb4 5.O-O d6 6.d3 h6 7.a3 Bc5 8.Na4 O-O 9.Nxc5
dxc5 10.c3 Qe7 11.Qc2 b6 12.b4 Bb7 13.Nh4 cxb4 14.axb4 Rfe8 15.Nf5 Qe6 16.f4
exf4 17.Bxf4 Ne5 18.Rf2 Neg4 19.Bxg4 Nxg4 20.Rf3 Ne5 21.Bxe5 Qxe5 22.Rg3 g6
23.Nxh6+ Kg7 24.Ng4 Qh5 25.Rf1 Rh8 26.Qf2 f5 27.Qd4+ 1-0

[Event "European Seniors Teams Ch."]
[Site "Olympus"]
[Date "2011.05.03"]
[Round "1"]
[Board "3"]
[White "Miles, Richard"]
[Black "Hurme, Harri"]
[Result "1/2-1/2"]
[WhiteElo "2068"]
[BlackElo "2277"]
[PlyCount "96"]
[EventDate "2011.05.03"]
[EventType "team"]
[EventRounds "9"]
[EventCountry "GRE"]
[WhiteTeam "Wales"]
[BlackTeam "Finland 1"]

1.d4 Nf6 2.Nf3 d5 3.c4 e6 4.Nc3 c5 5.cxd5 exd5 6.g3 Nc6 7.Bg2 c4 8.O-O Bb4 9.Bg5
Bxc3 10.bxc3 h6 11.Bxf6 Qxf6 12.Ne5 O-O 13.Bxd5 Nxe5 14.dxe5 Qxe5 15.Qd4 Qxd4
16.cxd4 Rd8 17.Bxc4 Rxd4 18.Bd3 Bd7 19.Rfd1 Kf8 20.e3 Rb4 21.Rab1 Rxb1 22.Rxb1
Rb8 23.Kf1 b5 24.Ke2 Ke7 25.e4 a5 26.a3 Kd6 27.Ke3 Kc5 28.Rc1+ Kb6 29.Rb1 Rc8
30.Kd4 Rc5 31.f4 Be6 32.Rb2 a4 33.Rb1 Bb3 34.e5 Rd5+ 35.Ke4 Rc5 36.Kd4 Rc7
37.Re1 Ka5 38.f5 b4 39.e6 fxe6 40.Re5+ Kb6 41.fxe6 Re7 42.Rb5+ Kc6 43.Rxb4 Rxe6
44.Bb5+ Kd6 45.Bxa4 Bxa4 46.Rxa4 Re2 47.h4 Rg2 48.Ra6+ Ke7 1/2-1/2

[Event "European Seniors Teams Ch."]
[Site "Olympus"]
[Date "2011.05.03"]
[Round "1"]
[Board "4"]
[White "Havansi, Erkki E T"]
[Black "Van, Kemenade Rudy"]
[Result "1/2-1/2"]
[WhiteElo "2248"]
[BlackElo "1941"]
[PlyCount "62"]
[EventDate "2011.05.03"]
[EventType "team"]
[EventRounds "9"]
[EventCountry "GRE"]
[WhiteTeam "Finland 1"]
[BlackTeam "Wales"]

1.c4 Nf6 2.Nf3 g6 3.b3 Bg7 4.Bb2 d6 5.d4 O-O 6.g3 e5 7.dxe5 Ng4 8.Bg2 Nc6 9.h3
Ngxe5 10.Nd4 Nxd4 11.Bxd4 Qe7 12.O-O f5 13.e3 c6 14.Nc3 Be6 15.Qd2 Rfd8 16.Rad1
h6 17.Rfe1 Qf8 18.f4 Nf7 19.e4 Re8 20.Kh2 Kh7 21.exf5 Bxf5 22.Ne4 Bxe4 23.Bxe4
Bxd4 24.Qxd4 Qg7 25.Qf2 Qf6 26.Re2 Re7 27.Rde1 Rae8 28.Qxa7 d5 29.Bf3 Rxe2+
30.Rxe2 Rxe2+ 31.Bxe2 Qb2 1/2-1/2

[Event "European Seniors Teams Ch."]
[Site "Olympus"]
[Date "2011.05.03"]
[Round "1"]
[Board "1"]
[White "Danner, Georg"]
[Black "Morant, Paul"]
[Result "1-0"]
[WhiteElo "2416"]
[BlackElo "2184"]
[PlyCount "65"]
[EventDate "2011.05.03"]
[EventType "team"]
[EventRounds "9"]
[EventCountry "GRE"]
[WhiteTeam "Austria"]
[BlackTeam "Finland 2"]

1.d4 d5 2.Nf3 Nf6 3.c4 e6 4.e3 Be7 5.b3 O-O 6.Bd3 b6 7.cxd5 exd5 8.O-O Bg4 9.Nc3
c5 10.Ne2 Bxf3 11.gxf3 Nc6 12.Bb2 cxd4 13.Nxd4 Ne5 14.Bf5 Bc5 15.Rc1 g6 16.Bh3
Nh5 17.f4 Qh4 18.Bg2 Ng4 19.h3 Nh6 20.Nf3 Qe7 21.Ne5 Ba3 22.Nc6 Qd6 23.Be5 Qd7
24.Rc2 Qf5 25.b4 Rfe8 26.Bc3 Kf8 27.Rd2 Qe6 28.Nd4 Qc8 29.Qb3 Ng3 30.fxg3 Rxe3
31.Nb5 d4 32.Rxd4 Nf5 33.Rc4 1-0

[Event "European Seniors Teams Ch."]
[Site "Olympus"]
[Date "2011.05.03"]
[Round "1"]
[Board "2"]
[White "Saren, Ilkka J"]
[Black "Hoelzl, Franz"]
[Result "0-1"]
[WhiteElo "2190"]
[BlackElo "2342"]
[PlyCount "144"]
[EventDate "2011.05.03"]
[EventType "team"]
[EventRounds "9"]
[EventCountry "GRE"]
[WhiteTeam "Finland 2"]
[BlackTeam "Austria"]

1.e4 c5 2.Nf3 d6 3.d4 cxd4 4.Nxd4 Nf6 5.Nc3 a6 6.Bg5 Nbd7 7.f4 e5 8.Nf3 Qb6
9.Qd2 Qxb2 10.Rb1 Qa3 11.Bc4 Qc5 12.Bd5 Be7 13.fxe5 dxe5 14.Be3 Qc7 15.O-O O-O
16.h3 Bc5 17.Kh2 Bd4 18.Nd1 Nxd5 19.exd5 Nf6 20.Nxd4 exd4+ 21.Bf4 Qc4 22.Nf2
Qxd5 23.Rb4 Be6 24.Rxd4 Qxa2 25.Be5 Ne8 26.Nd3 Rc8 27.Qg5 h6 28.Qg3 Qa5 29.Rh4
Kh7 30.Bxg7 Nxg7 31.Rf6 Nf5 32.Qf4 Nxh4 33.Qxh6+ Kg8 34.Qxh4 Rc4 35.Qg3+ Kh7
36.Ne5 Rg8 37.Qe3 Rxg2+ 38.Kxg2 Rxc2+ 39.Rf2 Rxf2+ 40.Kxf2 Qa2+ 41.Kg1 Qb1+
42.Kh2 Qb3 43.Qe4+ Kg7 44.Ng4 Qb2+ 45.Kg1 Qb6+ 46.Kf1 Bxg4 47.Qxg4+ Qg6 48.Qb4
b6 49.Kf2 a5 50.Qb5 Qc2+ 51.Kf1 Qc5 52.Qb2+ f6 53.Qg2+ Kf7 54.Qb7+ Kg6 55.Qg2+
Qg5 56.Qa8 Qb5+ 57.Kf2 Qb2+ 58.Kf1 f5 59.Qe8+ Kg5 60.Qe3+ f4 61.Qe6 Qc1+ 62.Kg2
Qd2+ 63.Kh1 Qe3 64.Qg8+ Kf5 65.Qf7+ Ke4 66.Qc4+ Qd4 67.Qe6+ Kd3 68.Qb3+ Kd2
69.Kg2 Qe4+ 70.Kh2 Qe2+ 71.Kh1 Qe1+ 72.Kg2 Qg3+ 0-1

[Event "European Seniors Teams Ch."]
[Site "Olympus"]
[Date "2011.05.03"]
[Round "1"]
[Board "3"]
[White "Ager, Josef"]
[Black "Lyly, Seppo"]
[Result "1-0"]
[WhiteElo "2188"]
[BlackElo "1966"]
[PlyCount "89"]
[EventDate "2011.05.03"]
[EventType "team"]
[EventRounds "9"]
[EventCountry "GRE"]
[WhiteTeam "Austria"]
[BlackTeam "Finland 2"]

1.Nf3 c5 2.c4 Nc6 3.Nc3 g6 4.g3 Bg7 5.Bg2 e6 6.O-O Nge7 7.d3 d6 8.Rb1 Rb8 9.a3
O-O 10.Bd2 a6 11.b4 cxb4 12.axb4 b5 13.cxb5 axb5 14.Qb3 Nd4 15.Nxd4 Bxd4 16.Ra1
Qb6 17.Ra5 Bd7 18.Bg5 f6 19.Bh6 Rfc8 20.Nxb5 d5 21.Nxd4 Qxd4 22.Be3 Qxb4 23.Qxb4
Rxb4 24.Ra7 Rd8 25.Bc5 Nc6 26.Bxb4 Nxa7 27.Be7 Re8 28.Bxf6 Kf7 29.Bg5 Nb5 30.Rc1
Ra8 31.e3 Ra3 32.Bf1 Nc3 33.Bf4 Rb3 34.Be5 Nb5 35.Be2 Ke7 36.h4 h5 37.Kf1 Na3
38.f3 Nb5 39.g4 Ra3 40.Rc2 Rb3 41.Rb2 Ra3 42.gxh5 gxh5 43.f4 Ra8 44.Bxh5 Rg8
45.Rg2 1-0